Carolina Bonaparte (Record no. 58063)

MARC details
000 -LEADER
campo de control de longitud fija 00654nam a2200193 i 4500
001 - NÚMERO DE CONTROL
campo de control 58063
003 - IDENTIFICADOR DE NÚMERO DE CONTROL
campo de control ES-MaACL
005 - FECHA Y HORA DE LA ÚLTIMA TRANSACCIÓN
campo de control 20250618143725.0
007 - CAMPO FIJO DE DESCRIPCIÓN FÍSICA--INFORMACIÓN GENERAL
campo de control de longitud fija t|
008 - DATOS DE LONGITUD FIJA--INFORMACIÓN GENERAL
campo de control de longitud fija 031020s1945 sp f |||| |bspa d
100 1# - ENTRADA PRINCIPAL--NOMBRE DE PERSONA
Nombre de persona Dupont, Marcel.
9 (RLIN) 46108
245 10 - MENCIÓN DEL TÍTULO
Título Carolina Bonaparte
Resto del título : (la hermana preferida de Napoleón) /
Mención de responsabilidad, etc. Marcel Dupont ; traducido del francés por Gregorio G. Puigdeval.
260 ## - PUBLICACIÓN, DISTRIBUCIÓN, ETC.
Lugar de publicación, distribución, etc. Madrid :
Nombre del editor, distribuidor, etc. [s.n.,
Fecha de publicación, distribución, etc. 1945] (
Fabricante Artes Gráficas Sol)
300 ## - DESCRIPCIÓN FÍSICA
Extensión 169 p., 5 lám. ;
Dimensiones 22 cm.
600 17 - PUNTO DE ACCESO ADICIONAL DE MATERIA--NOMBRE DE PERSONA
Nombre de persona Bonaparte, Caroline,
Fechas asociadas al nombre 1782-1839
Fuente del encabezamiento o término
9 (RLIN) 169407
700 1# - ENTRADA AGREGADA--NOMBRE PERSONAL
Nombre de persona Puigdeval, Gregorio G.
9 (RLIN) 94294
852 ## - LOCALIZACIÓN
Ubicación ES-MaACL
Número de control de estantería B-10417
Holdings
Estatus retirado Estado de pérdida Estado de daño No para préstamo Biblioteca de origen Biblioteca actual Ubicación en estantería Fecha de adquisición Fuente de adquisición Total de préstamos Signatura topográfica completa Código de barras Visto por última vez Precio de reemplazo Tipo de ítem Koha
        Biblioteca del Ateneo de Madrid Biblioteca del Ateneo de Madrid Sala Pardo Bazán 17/01/2008     B-10417 1060935 23/02/2023 23/02/2023 Libro impreso